000 01179cam a2200325 i 4500
001 18790
003 Mx-PuUPA
005 20230327083523.0
008 140415s2021 cauo gr 000 0 eng d
020 _a9780399580987
_qrústica
040 _aMx-PuUPA
_bspa
_cMx-PuUPA
_dMx-PuUPA
_erda
041 0 _aeng
100 1 _aFrank, Gabriel,
_d1978-
_913983
_eautor
245 1 0 _aStriking succulent gardens :
_bplants and plans for designing your low-maintenance landscape /
_cGabriel Frank ; photographs by Dan Kuras
250 _aFirst edition
264 1 _aEmeryville, California :
_bTen Speed Press,
_c©2021
300 _a181 páginas :
_bfotografías ;
_c23 cm
336 _2rdacontent
_atexto
_btxt
337 _2rdamedia
_asin medio
_bn
338 _2rdacarrier
_avolumen
_bnc
650 7 _2armarc
_aJardinería
650 7 _2armarc
_aJardinería paisajista
650 7 _2armarc
_aClima mediterráneo
650 7 _2armarc
_aPlantas suculentas
700 1 _aKuras, Dan,
_efotógrafo
942 _2ddc
_cLI
_h635
_iF797
_n
999 _c18790
_d18790